Szeged. - 1923. május 27., Vasárnap
Elmentve itt :
| Dokumentumtípus: | Újság |
|---|---|
| Megjelent: |
1923-05-27
|
| Sorozat: | Szeged
4 No. 118 |
| Online Access: | http://dmarchiv.bibl.u-szeged.hu/4156 |
| LEADER | 00465nas a2200145 i 4500 | ||
|---|---|---|---|
| 001 | delm4156 | ||
| 005 | 20200414151445.0 | ||
| 008 | 171213s1923 hu n o 0|| hun d | ||
| 022 | |a 0133-025X | ||
| 040 | |a SZTE Délmagyarország Archívum |b hun | ||
| 041 | |a hun | ||
| 245 | 0 | 0 | |a Szeged. - 1923. május 27., Vasárnap |h [elektronikus dokumentum] |
| 260 | |c 1923-05-27 | ||
| 490 | 0 | |a Szeged |v 4 No. 118 | |
| 856 | 4 | 0 | |u http://dmarchiv.bibl.u-szeged.hu/4156/1/dm_1923_118.pdf |z Dokumentum-elérés |